000 01070nam0a22002891 4500
001 rc\2140400
005 20110829173405.2
035 _a(NLR Aleph) 006631517
090 _a7555140
_c7555140
100 _a20110829d1978 |||y0rusy50 ca
101 0 _arus
102 _aRU
105 _aa z |||||
200 1 _aО Владимире Ильиче Ленине
_eВоспоминания
_fСост. В.С. Дридзо
_gРис. И. Ильинского
210 _aМосква
_cДет. лит.
_d1978
215 _a96 с.
_cил.
_d20
225 1 _aШкольная библиотека для нерусских школ
_iДля начальной школы
700 1 _aКрупская
_bН. К.
_f1869-1939
_gНадежда Константиновна
702 1 _aДридзо
_bВ. С.
_4220
702 1 _aИльинский
_bИ.
_4440
702 1 _aЛенин
_bВ. И.
_gВладимир Ильич
_4570
801 0 _aRU
_bNLR
_gpsbo
801 1 _aRU
_bELAR
_2rusmarc
852 _aNLR
_j78-4/14149
899 _aRuMoRGB
_jM 78-8/200
942 _cBOOK
980 _aNB